Former Yugoslav Capitals - Statistics

General Stats
  • This quiz has been taken 22 times
  • The average score is 6 of 7
Answer Stats
Capitals % Correct
Pristina
94%
Zagreb
94%
Belgrade
88%
Sarajevo
88%
Skopje
81%
Ljubljana
75%
Podgorica
75%
No matching quizzes found
Score Distribution
Percent of People with Each Score
Percentile by Number Answered
Your Score History
You have not taken this quiz